Match the 1D song to the album // Volume 6 - Statistics

General Stats
  • This quiz has been taken 14 times
  • The average score is 9 of 10
Answer Stats
Hint Answer % Correct
Act My Age Four
100%
What A Feeling Made In The AM
92%
Does He Know Midnight Memories
92%
Shes Not Afraid Take Me Home
92%
Once In A Lifetime Four
83%
Why Don't We Go There? Midnight Memories
83%
Alive Midnight Memories
83%
Half A Heart Midnight Memories
83%
Nobody Compares Take Me Home
83%
Still The One Take Me Home
83%
No matching quizzes found
Score Distribution
Percent of People with Each Score
Percentile by Number Answered
Your Score History
You have not taken this quiz